The Routledge companion to critical theory (Record no. 208)

MARC details
000 -LEADER
fixed length control field 00521 a2200193 4500
001 - CONTROL NUMBER
control field 065999
003 - CONTROL NUMBER IDENTIFIER
control field OSt
005 - DATE AND TIME OF LATEST TRANSACTION
control field 20251211110902.0
008 - FIXED-LENGTH DATA ELEMENTS--GENERAL INFORMATION
fixed length control field
082 ## - DEWEY DECIMAL CLASSIFICATION NUMBER
Classification number 801.95
Item number M29C
245 1# - TITLE STATEMENT
Title The Routledge companion to critical theory
Statement of responsibility, etc edited by Simon Malpas and Paul Wake
260 ## - PUBLICATION, DISTRIBUTION, ETC. (IMPRINT)
Place of publication, distribution, etc London
Name of publisher, distributor, etc Routledge
Date of publication, distribution, etc 2008
300 ## - PHYSICAL DESCRIPTION
Extent 296p.
500 ## - GENERAL NOTE
General note English
690 ## - LOCAL SUBJECT ADDED ENTRY--TOPICAL TERM (OCLC, RLIN)
Topical term or geographic name as entry element Criticism; Criticism (Philosophy)
700 ## - ADDED ENTRY--PERSONAL NAME
Relator term Malpas, Simon, ed.
700 ## - ADDED ENTRY--PERSONAL NAME
Relator term Wake, Paul, ed.
942 ## - ADDED ENTRY ELEMENTS (KOHA)
Source of classification or shelving scheme Dewey Decimal Classification
Koha item type Books
Holdings
Withdrawn status Lost status Source of classification or shelving scheme Damaged status Not for loan Collection code Home library Current library Department Date acquired Source of acquisition Coded location qualifier Cost, normal purchase price Inventory number(Invoice/Date) Total Checkouts Full call number Barcode Date last seen Date checked out Price effective from Koha item type Public note
    Dewey Decimal Classification     General Text Book Central University Of Rajasthan Central University Of Rajasthan English 07/03/2012 ENG Rawat Jaip 450.00 1001/15-03-2010 5 801.95 M29C 285 24/03/2025 18/03/2025 02/09/2020 Books Routledge, London